Statistics for Taylor Swift - Clean Lyrics

Click here to take the quiz!

General Stats

  • This quiz has been taken 226 times
  • The average score is 298 of 331

Answer Stats

Answer% Correct
The
99%
the
99%
a
98%
I
98%
was
98%
clean
97%
When
97%
when
97%
do
96%
of
96%
very
96%
And
95%
and
95%
worst
95%
down
94%
Finally
94%
finally
94%
that
94%
oh
93%
Oh
93%
Rain
93%
rain
93%
that's
93%
am
92%
back
92%
It
92%
it
92%
pouring
92%
So
92%
so
92%
to
92%
you
92%
any
91%
drowning
91%
forth
91%
i'm
91%
Think
91%
think
91%
came
90%
could
90%
died
90%
flowers
90%
months
90%
no
90%
thirst
90%
Gone
89%
gone
89%
morning
89%
trace
89%
breathe
88%
by
88%
in
88%
me
88%
together
88%
drought
87%
grown
87%
like
87%
we'd
87%
wear
86%
You're
86%
you're
86%
but
85%
don't
85%
sober
85%
Ten
85%
can't
84%
all
83%
Just
83%
mean
83%
miss
83%
my
83%
Now
83%
anymore
82%
because
82%
dress
82%
must
82%
admit
81%
gonna
81%
never
81%
stained
80%
wine
80%
nothing
79%
older
79%
over
79%
There
79%
hole
78%
one
78%
storm
78%
give
77%
perfect
77%
punched
77%
thing
77%
heard
76%
left
76%
loud
76%
risk
76%
roof
76%
screamed
76%
won't
76%
still
72%
turned
72%
as
71%
head
71%
sky
71%
war
71%
water
71%
black
70%
lost
70%
lungs
69%
room
69%
filled
68%
whole
68%
covered
65%
dust
65%
flood
65%
Hung
65%
pictures
65%
away
63%
butterflies
60%
Let
60%
carry
58%
Said
45%

Score Distribution

Percentile by Number Answered

Percent of People with Each Score

Your Score History

You have not taken this quiz